árboles forestales : prácticas de cultivo /

Guardado en:
Autor Principal: Ottone, Jorge Raúl
Formato: Libro
Publicado: Buenos Aires : Orientación gráfica, 2005
Edición:2a. ed.
Materias:
Etiquetas: Agregar Etiqueta
Sin Etiquetas, Sea el primero en etiquetar este registro!
LEADER 01320nam a22002655a 4500
001 CEM.cems017180
005 20151111104501.0
008 130507s2005##################000#0#####d
003 CEMS
020 |a 9879260392 
082 0 4 |a 634.9 
100 1 |a Ottone, Jorge Raúl 
245 1 0 |a árboles forestales :  |b prácticas de cultivo /  |c Jorge Raúl Ottone 
250 |a 2a. ed. 
260 |a Buenos Aires :  |b Orientación gráfica,  |c 2005 
300 |a 556 p. 
505 0 |a El árbol -- Semillas forestales -- El vivero forestal -- Almácigo -- La siembra -- Trasplante -- Cultivo de plantas forestales de hoja caduca -- Cultivo en el vivero de plantas de pino a raíz desnuda -- Métodos de propagación de árboles forestales en forma asexual -- Siembra directa en el terreno en forma definitiva. Características generales -- Plantación y manejo de las especies forestales -- Diversas formas de realizar las plantaciones forestales en base a las características del medio y de los fines -- Prevención y defensa contra incendios -- Plagas forestales 
653 |a Arboles forestales 
653 |a Arbol 
653 |a Vivero forestal 
653 |a Siembra directa 
653 |a Semillas forestales 
653 |a Plagas forestales 
653 |a Silvicultura 
859 |a CEMS  |b BIB. CEMS - Agricultura  |h 634.9  |i Ot89  |p A0911.09  |t Ej.1